Countries by Airline - Statistics

General Stats
  • This quiz has been taken 120 times
  • The average score is 9 of 10
Answer Stats
Hint Answer % Correct
Air France France
100%
United United States of America
99%
British Airways United Kingdom
97%
Finnair Finland
94%
Aer Lingus Ireland
88%
Ryanair Ireland
87%
Aeroflot Russia
86%
KLM Netherlands
84%
Pan Am United States of America
84%
Lion Air Indonesia
49%
No matching quizzes found
Score Distribution
Percent of People with Each Score
Percentile by Number Answered
Your Score History
You have not taken this quiz